=LDR 00000nam 2200000 4500 =001 INLIS000000000008769 =005 20130612100610 =008 ***********************************Ind** =035 ##$$0010-061300000008769 =041 ##$$a Ind =082 ##$$a 92 (Malaka) =090 ##$$a 92 (Malaka), Jar t =100 ##$$a Jarvis, Helen =245 ##$$a Tan Malaka, Pejuang Revolusioner atau Murtad, Helen Jarvis =260 ##$$a 2000 $b Yogyakarta =300 ##$$a xvii,65 hlm, 21 cm =650 ##$$a Tan, Malaka, 1896-1949